Famous Landmarks By Picture Quiz - Statistics

General Stats
  • This quiz has been taken 356 times
  • The average score is 13 of 15
Answer Stats
Picture Answer % Correct
Eiffel Tower
98%
Great Wall Of China
97%
Big Ben
96%
Stonehenge
96%
Taj Mahal
96%
Statue Of Liberty
95%
Colosseum
93%
Leaning Tower Of Pisa
92%
Golden Gate Bridge
91%
Empire State Building
87%
Mount Rushmore
82%
Machu Picchu
80%
Sphinx
78%
Christ The Redeemer
64%
Space Needle
57%
No matching quizzes found
Score Distribution
Percent of People with Each Score
Percentile by Number Answered
Your Score History
You have not taken this quiz